Statistics for Premier League Transfers 2021/22

Click here to take the quiz!

General Stats

  • This quiz has been taken 186 times
    (157 since last reset)
  • The average score is 33 of 94

Answer Stats

FromToFeePlayer% Correct
Aston VillaManchester City£100MJack Grealish
99%
OlympiacosWolves£6.8MJose Sa
98%
Inter MilanChelsea£97.8MRomelu Lukaku
98%
Borussia DortmundManchester United£72.3MJadon Sancho
97%
Brighton & Hove AlbionArsenal£49.8MBen White
91%
Real MadridManchester United£34.1MRaphael Varane
89%
RB LeipzigLiverpool£34MIbrahima Konate
85%
Real MadridArsenal£29.8MMartin Odegaard
84%
SouthamptonAston Villa£29.9MDanny Ings
82%
ChelseaWest Ham United£29.8MKurt Zouma
79%
Bayer LeverkusenAston Villa£27.2MLeon Bailey
79%
Norwich CityAston Villa£32.6MEmiliano Buendia
76%
Sheffield UnitedArsenal£23.8MAaron Ramsdale
72%
Manchester UnitedLeeds United£24.8MDaniel James
69%
FC BarcelonaTottenham Hotspur£21.3MEmerson
66%
ArsenalNewcastle United£25MJoe Willock
64%
BolognaArsenal£15.8MTakehiro Tomiyasu
62%
JuventusManchester United£12.8MCristiano Ronaldo
61%
Sevilla FCTottenham Hotspur£21.2MBryan Gil
57%
RB SalzburgLeicester City£25.5MPatson Daka
57%
CSKA MoscowWest Ham United£25.6MNikola Vlasic
56%
RSC AnderlechtArsenal£14.8MAlbert Sambi Lokonga
53%
CelticCrystal Palace£13.9MOdsonne Edouard
50%
Blackburn RoversSouthampton£15MAdam Armstrong
49%
ChelseaCrystal Palace£19.8MMarc Guehi
48%
FC BarcelonaLeeds United£12.7MJunior Firpo
47%
Olympique LyonBurnley£12.8MMaxwel Cornet
47%
SouthamptonLeicester City£15MJannik Vestergaard
46%
ChelseaCrystal PalaceLoanConor Gallagher
44%
Getafe CFBrighton & Hove Albion£15.3MMarc Cucurella
44%
CelticBrentford£13.3MKristoffer Ajer
37%
LOSC LilleLeicester City£17MBoubakary Soumare
36%
Manchester CityLeeds United£10.8MJack Harrison
36%
Werder BremenNorwich City£9.3MMilot Rashica
35%
Atletico MadridChelseaLoanSaul Niguez
35%
PSGWest Ham UnitedLoanAlphonse Areola
34%
SL BenficaArsenal£6.8MNuno Tavares
34%
Manchester UnitedNorwich CityLoanBrandon Williams
31%
ReadingCrystal Palace£7.9MMichael Olise
31%
ChelseaNorwich CityLoanBilly Gilmour
30%
RB SalzburgBrighton & Hove Albion£19.5MEnock Mwepu
30%
Werder BremenNorwich City£8MJosh Sargent
30%
Bayer LeverkusenEverton£1.7MDemarai Gray
29%
RB LeipzigLeicester CityLoanAdemola Lookman
28%
Spartak MoscowWest Ham UnitedLoanAlex Kral
28%
Manchester UnitedAston VillaLoanAxel Tuanzebe
28%
Club BruggeWatford£3.4MEmmanuel Dennis
28%
ChelseaSouthamptonLoanArmando Broja
27%
Inter MilanAston VillaFree TransferAshley Young
27%
Tottenham HotspurWatford£2.9MMoussa Sissoko
26%
FC MetzTottenham Hotspur£14.4MPape Mate Sarr
26%
Crystal PalaceEvertonFree TransferAndros Townsend
25%
Dalian YifangEvertonFree TransferSalomon Rondon
25%
Stade BrestSouthampton£11MRomain Perraud
24%
SouthamptonLeicester CityFree TransferRyan Bertrand
24%
RB LeipzigWolvesLoanHwang Hee-Chan
23%
AtalantaTottenham HotspurLoanPierluigi Gollini
23%
FC Schalke 04Norwich CityLoanOzan Kabak
22%
Aston VillaManchester UnitedFree TransferTom Heaton
22%
Angers SCOWolves£9.4MRayan Ait-Nouri
20%
WatfordCrystal Palace£5.9MWill Hughes
20%
PAOKNorwich City£9.3MChristos Tzolis
19%
Stoke CityBurnley£11.9MNathan Collins
19%
FC LorientBrentford£8.5MYoane Wissa
19%
PAOKNorwich City£6.3MDimitrios Giannoulis
18%
OGC NiceNorwich City£5.1MPierre Lees-Melou
18%
BurnleyNorwich City£8.3MBen Gibson
17%
KayserisporBurnleyFree TransferAaron Lennon
16%
WatfordWest Ham United£1.9MCraig Dawson
16%
Swansea CityBurnley£2.4MConnor Roberts
15%
FC MidtjyllandBrentford£8.5MFrank Onyeka
15%
Kawasaki FrontaleBrighton & Hove AlbionTBCKaoru Mitoma
15%
FulhamChelseaFree TransferMarcus Bettinelli
15%
EvertonSouthamptonFree TransferTheo Walcott
15%
ParmaWatfordLoanJuraj Kucka
14%
TorinoSouthampton£6.4MLyanco
14%
FC NantesWatford£8.5MImran Louza
13%
FC RostovNorwich CityLoanMathias Normann
13%
Stoke CityWatfordLoanPeter Etebo
13%
SD HuescaBrentfordLoanAlvaro Fernandez
12%
SouthamptonNorwich City£4.9MAngus Gunn
12%
BournemouthEvertonFree TransferAsmir Begovic
12%
FenerbahceWatfordLoanOzan Tufan
12%
Santos LagunaNewcastle UnitedLoanSantiago Munoz
11%
AjaxBrighton & Hove Albion£4.2MKjell Scherpen
10%
Slavia PragueBrighton & Hove Albion£6.8MAbdallah Sima
9%
Crystal PalaceBurnleyFree TransferWayne Hennessey
9%
Atletico NacionalWolves£4.2MYerson Mosquera
9%
ValerengaLeeds United£1.7MKristoffer Klaesson
8%
West Bromwich AlbionEvertonFree TransferAndy Lonergan
5%
EvertonSouthamptonTBCThierry Small
5%
FehervarWolves£1.7MBendeguz Bolla
4%
SunderlandCrystal PalaceFree TransferRemi Matthews
4%
Crewe AlexandraSouthamptonFree TransferOlly Lancashire
3%

Score Distribution

Percentile by Number Answered

Percent of People with Each Score

Your Score History

You have not taken this quiz since the last reset